000 00311 a2200109 4500
001 ART_12998
005 20260410161735.0
008 260409a
245 1 0 _aSector público
100 1 _aBrodersohn, Mario S.
773 0 _tEjecutivos de finanzas
_g- Año 5, Nº 39 (jul./ago. 1987)
_wREV2863
999 _c18186
_d18186